Curso de transformadores y motores trifásicos de inducción

Bibliographic Details
Main Author: Enríquez Harper, Gilberto
Format: Section = Libro
Language:Undetermined
Spanish
Published: México Limusa 1982
Edition:3a.ed.
Subjects:
LEADER 00654nam a2200229Ia 4500
008 240829s9999 xx 000 0 und d
020 |a 968-18-0534-8 
040 |a BIBLIOTECA-RUSB/ 621.314 E59 
041 |a spa 
082 |a 621.314 E59 
100 1 |a Enríquez Harper, Gilberto 
245 1 0 |a Curso de transformadores y motores trifásicos de inducción 
250 |a 3a.ed. 
260 |a México  |b Limusa  |c 1982 
300 |a 235 p. :il. 
650 7 |a TRANSFORMADORES 
650 7 |b  MOTORES DE INDUCCION 
650 7 |c  FUERZAS MAGNETICAS, ELECTROMAGNETICAS 
650 7 |d  CONTROL DE MOTORES ELECTRICOS 
942 |c BK  |2 ddc 
991 |a TEXTO 
999 |c 3058